|
|
|
|
| LEADER |
00000nam a22000007a 4500 |
| 005 |
20210503235937.0 |
| 007 |
cr|||| ||| |
| 008 |
210504s2019 co |||||s|||| 00||0 spa d |
| 020 |
|
|
|a 978-958-665-559-0
|
| 035 |
|
|
|a 33247
|
| 040 |
|
|
|a vLex
|
| 090 |
|
|
|c 11605
|d 11605
|
| 100 |
1 |
|
|a de Sousa Santos, Boaventura
|
| 245 |
1 |
0 |
|a Izquierdas del mundo, Łuno̕s!
|h [Recurso electrn̤ico] /
|c Boaventura de Sousa Santos
|
| 256 |
|
|
|a Servicio en ln̕ea
|
| 260 |
|
|
|a Bogot:̀
|b Siglo del Hombre Editores,
|c 2019
|
| 300 |
|
|
|a 1 recurso electrn̤ico
|
| 500 |
|
|
|a ¿Cul̀es son los posibles rumbos de las izquierdas? ¿Cul̀es son los caminos para una lucha unida internacional? En su nuevo libro, el socil̤ogo Boaventura de Sousa Santos realiza una revisin̤ crt̕ica del interregno global posterior a la crisis del 2008, centra su reflexin̤ en la escena polt̕ica y las fuerzas de izquierda de determinados pas̕es y, a partir de ah,̕ plantea cuestiones de fondo que remiten a escalas temporales de mediano y largo plazo. El desmantelamiento de la democracia en Brasil, las dificultades del proceso de paz en Colombia, la crisis institucional en Mx̌ico, los desafo̕s de las izquierdas en Espaą y la actual experiencia portuguesa son las coyunturas que analiza.
|
| 506 |
1 |
|
|a Disponible solo en los productos indicados
|d vLex Global
|d vLex Global (Academic Edition, excluding Law Schools)
|d vLex Global (U.S. Academic Edition, Law Schools)
|d vLex Global (U.S. Academic Edition, excluding Law Schools)
|d vLex Global (Academic Edition, Law Schools)
|
| 650 |
0 |
4 |
|a Ciencias sociales
|z Colombia
|
| 650 |
0 |
4 |
|a Humanidades
|z Colombia
|
| 740 |
0 |
|
|a vLex Libros (Servicio en ln̕ea)
|
| 856 |
4 |
0 |
|u https://vlex.com/source/izquierdas-del-mundo-unios--33247
|z Acceso restringido
|
| 942 |
|
|
|c BOOK
|
| 999 |
0 |
|
|a Social Sciences
|
| 999 |
0 |
|
|a Humanities
|